| 000 | 00625nam a2200205 a 4500 | ||
|---|---|---|---|
| 005 | 20240924065141.0 | ||
| 008 | 991125s1942 mx 000 0 spa u | ||
| 035 | _aUPN01000020203 | ||
| 049 | _aSEP | ||
| 050 | 4 |
_aLB1567 M6 _bR3.3 |
|
| 100 | 1 |
_aRamírez Castañeda, Rafael, _d1885-1959 |
|
| 245 | 1 | 3 |
_aLa enseñanza por la acción dentro de la escuela rural / _cRafael Ramírez. |
| 260 |
_aMéxico : _bSEP, _c1942. |
||
| 300 | _a68 p. | ||
| 500 | _aDisponible en la Colección Medina | ||
| 650 | 4 |
_aEducación rural _zMéxico _94430 |
|
| 650 | 4 |
_aEscuelas rurales _zMéxico _916754 |
|
| 905 | _aLibro | ||
| 999 |
_c20203 _d20203 |
||